000 00446nam a2200181Ia 4500
001 13911
005 20260306164835.0
008 260306t2017||||xx |||||||||||||| ||spa||
041 _aESP
082 _a005.437
_bL31
100 _aLaViola, Joseph J.
_eAUT
245 0 _a3D user interfaces:
_btheory and practice
260 _c2017
300 _axxviii, 591 páginas :
_c23 cm.
650 _aGEN
654 _aCCC
942 _cLIB
_dJUS
_fJUS
_2ddc
_n
999 _c13911
_d13911